Officers Club, building no. 114 : historic structure report : Sandy Hook Unit, Gateway National Recreation Area /

Bibliographic Details
Main Author: Lee, James J., III
Corporate Author: Historic Architecture Program (United States. National Park Service. Northeast Region)
Format: Government Document eBook
Language:English
Published: Lowell, Mass. : Historic Architecture Program, Northeast Region, National Park Service, U.S. Dept. of the Interior, [2006]
Subjects:
Online Access:https://purl.fdlp.gov/GPO/LPS115773

MARC

Tag First Indicator Second Indicator Subfields
LEADER 00000cam a2200000 a 4500
001 in00002523721
005 20211202192308.0
006 m d f
007 cr bn|||||||||
008 090811s2006 mauabe sb f000 0 eng c
035 |a (OCoLC)ocn430035703 
040 |a GPO  |c GPO  |d MvI  |d UtOrBLW 
042 |a pcc 
043 |a n-us-nj 
049 |a WWW 
074 |a 0624-E-01 (online) 
086 0 |a I 29.88:OF 2 
100 1 |a Lee, James J.,  |c III. 
245 1 0 |a Officers Club, building no. 114 :  |b historic structure report : Sandy Hook Unit, Gateway National Recreation Area /  |c by James J. Lee III. 
246 1 4 |a Officers Club, building no. 114 :  |b Sandy Hook Unit, Gateway National Recreation Area, Fort Hancock, New Jersey : historic structure report 
246 3 0 |a Sandy Hook Unit, Gateway National Recreation Area 
264 1 |a Lowell, Mass. :  |b Historic Architecture Program, Northeast Region, National Park Service, U.S. Dept. of the Interior,  |c [2006] 
300 |a 1 online resource (xvii, 187 pages :  |b illustrations, maps, plans) 
336 |a text  |b txt  |2 rdacontent 
337 |a computer  |b c  |2 rdamedia 
338 |a online resource  |b cr  |2 rdacarrier 
500 |a "June 2006." 
504 |a Includes bibliography (pages 147-151). 
500 |a Electronic resource. 
650 0 |a Historic buildings  |z New Jersey  |z Sandy Hook Unit of Gateway National Recreation Area. 
651 0 |a Sandy Hook Unit of Gateway National Recreation Area (N.J.) 
776 0 8 |i Print version:  |a Lee, James J., III.  |t Officers Club, building no. 114.  |w (OCoLC)71012498 
710 2 |a Historic Architecture Program (United States. National Park Service. Northeast Region) 
856 4 0 |u https://purl.fdlp.gov/GPO/LPS115773  |t 0 
999 |a MARS 
999 f f |s 2896936e-0b45-3524-a4d2-93fe4e49199a  |i 2ae3dede-40a6-394a-83f2-2397dafce066  |t 0 
952 f f |a Texas A&M University  |b College Station  |c Electronic Resources  |d Available Online  |t 0  |e I 29.88:OF 2  |h Superintendent of Documents classification 
998 f f |a I 29.88:OF 2  |t 0  |l Available Online